01564nam a22002657a 4500001000500000005001700005020001800022040002900040050002500069082000800094100001800102245005500120260002900175300003400204505000600238520034600244521002700590521002700617942001500644999001500659952015600674952016800830952014400998952015601142123220250723091540.0 a9781781868256 aFISKHbengcFISKHdFISKH aPZ7.B4475424 Bu 2013 a[E] aBently, Peter aBunny loves to writecEmma Foster & Deborah Melmon aBath :bParragon,c2013. a26 unnumbered pages :c30 cm. aF a"I'm Buster. And I love to read! But write my own stories? I'm not so sure. But then ... My friend Max jumps out from behind a bush, and I have an idea. And then then ... My friend Sam shouts from high in the trees, and I have another idea ... Anyway I won't spoil my amazing story for you. You'll have to read it for yourself"--Cover verso. a400 bLexile estimate aF bRaz-Plus estimate 2ddccBKn0 c1232d1232 00102ddc40708JUVFa001b001cTK Blued2023-08-08l7oBEN 823.92 PZ7.B4475424 Bu 2013p2023-0214r2025-04-02 09:08:11s2025-02-04t1w2023-08-08yBK 00102ddc40708JUVFa001b001cTK Blued2025-07-14l1oBEN 823.92 PZ7.B4475424 Bu 2013p2025-1843q2026-04-15r2026-04-01 10:41:04s2026-04-01t2w2025-07-14yBK 00102ddc40708JUVFa001b001cTK Blued2025-07-14l0oBEN 823.92 PZ7.B4475424 Bu 2013p2025-1844r2025-07-14 10:04:40t3w2025-07-14yBK 00102ddc40708JUVFa001b001cTK Blued2025-07-23l1oBEN 823.92 PZ7.B4475424 Bu 2013p2025-2779r2026-03-04 10:39:56s2026-02-25t4w2025-07-23yBK